banner-ar

Bronchoscopy and central airway disorders : (Record no. 60770)

MARC details
000 -الفاتح
حقل البيانات ثابتة الطول 01501nam a22003257a 4500
005 - وقت وتاريخ اخر تعامل مع التسجيلة
رقم الضبط 20240530110427.0
008 - عناصر البيانات ثابتة الطول - معلومات عامة
حقل البيانات ثابتة الطول 150325s2012 pauao f 001 0 eng d
020 ## - الرقم الدولى المعيارى للكتب
الرقم الدولى المعيارى للكتاب 9781455703203
040 ## - مصدر الفهرسة
وكالة الفهرسة الأصلية EG-CaGPL
وكالة النسخ EG-CaGPL
082 04 - رقم تصنيف ديوى العشرى
رقم الطبعة 21
رقم التصنيف 616.23071\
رقم المادة C B
245 00 - بيان العنوان
العنوان Bronchoscopy and central airway disorders :
بقية العنوان a patient-centered approach /
بيان المسئوليه,etc [edited by] Henri Colt, Septimiu Murgu.
250 ## - بيان الطبعة
بيان الطبعة 1st ed.
260 ## - PUBLICATION, DISTRIBUTION, ETC. (IMPRINT)
تاريخ النشر أو التوزيع 2012.
300 ## - الوصف المادى
التعداد 1 online resource (xix, 390 p.) :
تفاصيل ماديه اخرى للوعاء ill. col. :
أبعاد الوعاء 28 cm.
500 ## - تبصرة عامة
تبصرة عامة "Expert Consult."
504 ## - تبصرة ببليوجرافية
تبصرة ببليوجرافية,الخ Includes bibliographical references and index.
650 #0 - المدخل الاضافى بالموضوع-مصطلح موضوعى
مصطلح موضوعي Bronchoscopy.
650 #0 - المدخل الاضافى بالموضوع-مصطلح موضوعى
مصطلح موضوعي Bronchi
التقسيم الفرعي العام Diseases.
650 #0 - المدخل الاضافى بالموضوع-مصطلح موضوعى
مصطلح موضوعي Respiratory organs
التقسيم الفرعي العام Obstructions
650 #0 - المدخل الاضافى بالموضوع-مصطلح موضوعى
مصطلح موضوعي Airway Obstruction
التقسيم الفرعي العام surgery.
650 #0 - المدخل الاضافى بالموضوع-مصطلح موضوعى
مصطلح موضوعي Bronchial Diseases
التقسيم الفرعي العام surgery.
650 #0 - المدخل الاضافى بالموضوع-مصطلح موضوعى
مصطلح موضوعي Bronchoscopy
التقسيم الفرعي العام methods.
650 #0 - المدخل الاضافى بالموضوع-مصطلح موضوعى
مصطلح موضوعي Bronchi
التقسيم الفرعي العام Surgery.
700 1# - المدخل الاضافى - اسم شخصى
الإسم الشخصى Colt, Henri G.
700 1# - المدخل الاضافى - اسم شخصى
الإسم الشخصى Murgu, Septimiu.
942 ## - عناصر المدخل الإضافي( كوها)
مصدر التصنيف او مخطط الترفيف Dewey Decimal Classification
Koha [default] item type كتاب
260 ## - PUBLICATION, DISTRIBUTION, ETC. (IMPRINT)
-- Philadelphia :
-- Elsevier/Saunders,
505 ## - تبصرة محتويات-الفهرس
تبصرة المحتويات المصاغة Section 1. Practical approach to benign exophytic airway obstruction -- section 2. Practical approach to benign traheal stenosis -- section 3. Practical approach to expiratory central airway collapse -- section 4. Practical approach to mediastinal lymphadenopathy (EBUS and alternatives) -- section 5. Practical approach to malignant central airway obstruction -- section 6. Practical approach to other central airway disease processes -- section 7.
655 ## - مصطلح تكشيفى-نوع/شكل
بيانات النوع/ الشكل أو المصطلح الأساسي Electronic books.
Holdings
حالة التراجع حالة الفقد مصدر التصنيف او خطة الترفيف حالة تلف ليس للاعارة المكان المؤقت الموقع الحالى تاريخ الاكتساب اجمالي اﻻعارات رقم الطلب الباركود تاريخ اخر مشاهدة تاريخ تفعيل السعر نوع وعاء كوها
    ddc     مكتبة القاهرة الكبرى مكتبة القاهرة الكبرى 03/25/2015   616.23071\ C B 159888 03/25/2015 03/25/2015 كتاب

Powered By

EGPV